Los orígenes de Quillota

Сохранить в:
Библиографические подробности
Главный автор: Keller Rueff, Carlos (Автор)
Формат:
Язык:испанский
Опубликовано: San Felipe Jerónimo de Vivar 1974
Предметы:
Метки: Добавить метку
Нет меток, Требуется 1-ая метка записи!

MARC

LEADER 00000nam a2200000 a 4500
001 UCV3444
003 CL-VaPUC
008 930730e19740000CL |||||||||||||||||spa|d
082 0 4 |a 983.25  |b KEL  |2 21 
100 |a Keller Rueff, Carlos  |e author  |9 478460 
245 1 4 |a Los orígenes de Quillota 
300 |a 22 p 
942 |c BK 
945 |d 19930730 00:00:00 
260 |a San Felipe  |b Jerónimo de Vivar  |c 1974 
500 |a Apartado del Boletín de la Academia Chilena de la Historia, 61 
650 0 |a Historia  |9 255047 
651 7 |a QUILLOTA, CHILE  |2 CL-VaPUC  |9 259142 
583 |a last modification  |c 19930730 00:00:00  |k Rodrigo Vera 
999 |c 210668  |d 210666 
952 |0 0  |1 0  |2 ddc  |4 0  |6 983_250000000000000_KEL_1974  |7 0  |8 P  |9 187060  |a BIBDER  |b BIBDER  |d 2019-11-14  |i 2547082  |l 1  |o 983.25 KEL 1974  |p 2547082  |r 2024-04-19  |s 2024-04-19  |w 2019-11-14  |y BK_P  |k DER